Las siete culturas del capitalismo /

Se exploran los valores éticos y culturales asociados con el desarrollo social y el éxito económico en 7 países desarrollados: EUA, Gran Bretaña, Francia, Alemania, Japón, Suecia y los Países Bajos.

I tiakina i:
Ngā taipitopito rārangi puna kōrero
Kaituhi matua: Hampden-Turner, Charles (autor)
Ētahi atu kaituhi: Trompenaars, Alfons (autor) (autor)
Hōputu: Pukapuka
Reo:Pāniora
I whakaputaina: Buenos Aires, Argentina : Javier Vergara, 1995, c1995
Rangatū:(Business Class)
Ngā marau:
Ngā Tūtohu: Tāpirihia he Tūtohu
Kāore He Tūtohu, Me noho koe te mea tuatahi ki te tūtohu i tēnei pūkete!

MARC

LEADER 00000nam^a2200000^a^4500
001 000106858
005 20250521000000.0
005 20250521000000.0
009 20260310093552.352
020 |a 950-15-1415-3 
037 |a Acervo ITESO - Biblioteca 
041 |a ESP 
082 |a 658. 001  |b HAM 
100 |a Hampden-Turner, Charles  |e (autor) 
245 1 4 |a Las siete culturas del capitalismo /  |c C. Hampden-Turner, A. Trompenaars ; tr. por Federico Villegas. 
264 4 |a Buenos Aires, Argentina :  |b Javier Vergara,  |c 1995, c1995 
300 |a 441 p. 
336 |a texto  |b txt  |2 rdacontenido 
337 |a sin mediación  |b n  |2 rdamedio 
338 |a volumen  |b nc  |2 rdasoporte 
440 1 |a (Business Class) 
500 |a Traducción de: The seven cultures of capitalism 
520 |a Se exploran los valores éticos y culturales asociados con el desarrollo social y el éxito económico en 7 países desarrollados: EUA, Gran Bretaña, Francia, Alemania, Japón, Suecia y los Países Bajos. 
649 |a XX 
650 |a Valores 
650 |a Economía 
650 |a Cultura Organizacional 
650 |a Empresas 
650 |a Administración 
650 |a Etnopsicología 
650 |a Países Desarrollados 
650 |a Capitalismo -  |x Aspectos Sociales y Culturales 
650 |a Identidad Cultural 
650 |a Cultura 
650 |a Antropología 
650 |a Ciencias Administrativas 
650 |a Axiología 
700 |a Trompenaars, Alfons  |e (autor) 
910 |a Fondo General 
920 |a Impresos - Libros 
930 |a Colección General 
905 |a 101 
901 |a 0500042619  |b IT1  |c ACC  |u 20250521 
902 |a https://opac.biblio.iteso.mx/vufind/Record/000106858